| 000 | 00558nam a22001937a 4500 | ||
|---|---|---|---|
| 003 | CEME | ||
| 005 | 20210628203433.0 | ||
| 008 | 210119b xxu||||| |||| 00| 0 eng d | ||
| 020 | _a0-07-060177-1 | ||
| 040 | _cceme | ||
| 082 | _a629.83 DIS | ||
| 100 |
_aDistefano, Joseph J, Stubberud, Allen R, Williams, Ivan.J _965458 |
||
| 245 | _aFeedback and control systems | ||
| 250 | _a2ND | ||
| 260 |
_aDELHI _bTATA MCGRAW _c2007 |
||
| 300 | _a555P | ||
| 650 |
_aFEEDBACK CONTROL SYSTEMS.CONTROL SYSTEMS ENGINEERING.SCHAUM OUTLINES _965459 |
||
| 942 |
_cBK _2ddc |
||
| 999 |
_c573659 _d573659 |
||